000 00658cam a22002293a 4500
001 13347
003 PGUSA
005 20140828083304.0
008 040901s2004||||xxu|||||s|||||000 | eng d
040 _aPGUSA
_beng
042 _adc
050 4 _aQK
100 1 _aCooke, Arthur O.
_q(Arthur Owens),
_d1867-1930
245 1 0 _aWildflowers of the Farm
_h[electronic resource] /
_cArthur O. Cooke
260 _bProject Gutenberg,
_c2004
506 _aPublic domain in the USA.
516 _aElectronic text
653 _aWild flowers -- Great Britain
830 0 _aProject Gutenberg
_v13347
856 4 0 _uhttp://www.gutenberg.org/ebooks/13347
942 _cEB
999 _c242602
_d242602